[Event "CAN-ch op"]
[Site "Sackville"]
[Date "2001.07.15"]
[Round "10"]
[White "Jew, Harold"]
[Black "Brodie, Hugh"]
[Result "1-0"]
[WhiteElo "1843"]
[BlackElo "1970"]
[PlyCount "67"]
[EventDate "2001.07.??"]
[EventType "swiss"]
[EventRounds "10"]
[EventCountry "CAN"]
[SourceTitle "EXT 2006"]
[Source "ChessBase"]
[SourceDate "2005.11.24"]
[SourceVersion "1"]
[SourceVersionDate "2005.11.24"]
[SourceQuality "1"]

1. b4 c6 2. Bb2 Qb6 3. c3 d5 4. Qc2 Nf6 5. e3 Bg4 6. a3 a5 7. bxa5 Rxa5 8. c4 e6 9. Bd4 c5 10. Bxf6 gxf6 11. Be2 Bf5 12. Bd3 Bxd3 13. Qxd3 d4 14. Qc2 Nc6 15. Ra2 Be7 16. Nf3 0-0 17. 0-0 Rfa8 18. Rb2 Qc7 19. Rb3 f5 20. Re1 Bf6 21. Qb2 R8a7 22. Qc2 Ra4 23. e4 Na5 24. Rb5 Rxc4 25. Qd3 Ra4 26. exf5 Qc6 27. fxe6 fxe6 28. Ne5 Qd5 29. Ng4 Bg7 30. Qg3 Kf7 31. Qc7+ Kg6 32. Rxc5 Qb3 33. Qc8 Ra6 34. Qe8# 1-0

[Event "CAN-ch op"]
[Site "Sackville"]
[Date "2001.07.14"]
[Round "9"]
[White "Jew, Harold"]
[Black "Smith, Maurice"]
[Result "1-0"]
[WhiteElo "1843"]
[BlackElo "1678"]
[PlyCount "117"]
[EventDate "2001.07.??"]
[EventType "swiss"]
[EventRounds "10"]
[EventCountry "CAN"]
[SourceTitle "EXT 2006"]
[Source "ChessBase"]
[SourceDate "2005.11.24"]
[SourceVersion "1"]
[SourceVersionDate "2005.11.24"]
[SourceQuality "1"]

1. b4 d5 2. Bb2 Nf6 3. e3 Bf5 4. Bxf6 gxf6 5. c4 e6 6. a3 c6 7. d4 Nd7 8. Bd3 Bxd3 9. Qxd3 dxc4 10. Qxc4 Nb6 11. Qc2 Nd5 12. Nf3 Bd6 13. Nbd2 f5 14. Rc1 a6 15. g3 h6 16. 0-0 Qc7 17. e4 fxe4 18. Nxe4 Be7 19. Rfd1 Rg8 20. Rd3 f5 21. Nc3 Nxc3 22. Rxc3 Bg5 23. Re1 Qd6 24. Qxf5 Kd7 25. Ne5+ Kc7 26. Qf7+ Qe7 27. Qxe7+ Bxe7 28. Nf7 Rg6 29. d5 Rf8 30. dxe6 Re8 31. Rce3 Rf6 32. Kg2 Bf8 33. h3 Bg7 34. f4 Bf8 35. Kf3 c5 36. Re4 b5 37. bxc5 Bxc5 38. a4 Kb6 39. Ne5 Kc7 40. Nd7 Rf5 41. g4 Rd5 42. Nxc5 Rxc5 43. axb5 axb5 44. f5 Rc3+ 45. R1e3 Rc1 46. Rb4 Kc6 47. Reb3 Rc5 48. Kf4 Re7 49. h4 Rd5 50. Ke4 Rc5 51. Rxb5 Rxb5 52. Rxb5 Kxb5 53. Kd5 Rg7 54. f6 Rxg4 55. e7 Rg2 56. f7 Rd2+ 57. Ke6 Re2+ 58. Kf6 Rf2+ 59. Kg6 1-0

[Event "CAN-ch op"]
[Site "Sackville"]
[Date "2001.07.13"]
[Round "8"]
[White "Hathaway, John"]
[Black "Jew, Harold"]
[Result "1-0"]
[WhiteElo "2129"]
[BlackElo "1843"]
[PlyCount "73"]
[EventDate "2001.07.??"]
[EventType "swiss"]
[EventRounds "10"]
[EventCountry "CAN"]
[SourceTitle "EXT 2006"]
[Source "ChessBase"]
[SourceDate "2005.11.24"]
[SourceVersion "1"]
[SourceVersionDate "2005.11.24"]
[SourceQuality "1"]

1. d4 b5 2. Nf3 Bb7 3. c3 e6 4. Bf4 Nf6 5. e3 a6 6. h3 Be7 7. Nbd2 d6 8. a4 c6 9. Bd3 Nbd7 10. 0-0 0-0 11. Rc1 d5 12. Ne5 b4 13. c4 c5 14. Nb3 Nxe5 15. Bxe5 Nd7 16. Bg3 dxc4 17. Bxc4 cxd4 18. Nxd4 Nb6 19. Bb3 Rc8 20. Qe2 Bd6 21. Bxd6 Qxd6 22. Rfd1 Qe5 23. f4 Qf6 24. Nf3 Bd5 25. Bxd5 Nxd5 26. Ne5 Qe7 27. Kh2 Qa7 28. Rd4 Nxf4 29. Rxf4 b3 30. Rd1 Rc2 31. Qf3 Rxb2 32. Rd7 Qb8 33. Nc6 Qe8 34. Re7 Rb1 35. Rxe8 Rxe8 36. Rxf7 b2 37. Ne7+ 1-0

[Event "CAN-ch op"]
[Site "Sackville"]
[Date "2001.07.07"]
[Round "1"]
[White "Wang, Hao Yuan"]
[Black "Jew, Harold"]
[Result "1-0"]
[WhiteElo "2148"]
[BlackElo "1843"]
[PlyCount "41"]
[EventDate "2001.07.??"]
[EventType "swiss"]
[EventRounds "10"]
[EventCountry "CAN"]
[SourceTitle "EXT 2006"]
[Source "ChessBase"]
[SourceDate "2005.11.24"]
[SourceVersion "1"]
[SourceVersionDate "2005.11.24"]
[SourceQuality "1"]

1. e4 c5 2. Nf3 Nc6 3. Bb5 a6 4. Bxc6 bxc6 5. 0-0 d6 6. d3 e5 7. c3 Nf6 8. h3 Be7 9. Be3 0-0 10. Nbd2 Qc7 11. Re1 d5 12. Bg5 h6 13. Bh4 Bd6 14. Bxf6 gxf6 15. Nf1 f5 16. exf5 Bxf5 17. Ng3 Be6 18. Nh4 e4 19. Ngf5 Bf4 20. Qg4+ Bg5 21. Nxh6+ 1-0